000 00736nam a2200253Ia 4500
003 SMC
005 20170202141632.0
008 160418s9999 xx 000 0 und d
020 _a971-08-6104-2
050 _aFIL PE 1115
050 _b.B87 2007 c.1
245 _aBusiness english & correspondence /
245 _cFe O. Aquino… [et al]
260 _aMandaluyong:
260 _bNational Book Store.
260 _c2007
300 _a227 pages :
300 _billustrations ;
300 _c22 cm.
500 _aIncludes bibliographical references.
650 _aEnglish language -- Business English -- Problems, exercises, etc.
650 _xCommercial correspondence -- Problems, exercises, etc.
942 _2lcc
_cBK
999 _c293482
_d293482